Os micróbios e o homem (Registo nº 200239)

Detalhes MARC
000 -Etiqueta do registo
Valores 00804nam a2200253 4500
010 ## - Número ISBN
ISBN 972-570-269-7
021 ## - Número do Depósito Legal
Código do país Portugal
Número 176255/02
100 ## - Dados gerais de processamento
Dados gerais 20260128 pory50
200 ## - Titulo e menção de responsabilidade
Título próprio Os micróbios e o homem
Primeira menção de responsabilidade John Postgate
Outras menções de responsabilidade tradução Margarida Guerreiro
205 ## - Menção da edição
Edição
210 ## - Publicação
Local de publicação Lisboa
Nome do editor Replicação
Data de publicação imp. 2002
215 ## - Descrição física 
Paginação / Volumes [XII], 372 p.
Outras indicações físicas il. ; brochado
Dimensões 23 cm
225 ## - Colecção 
Título próprio da colecção Ciência. Replicação
300 ## - Notas gerais 
Texto da nota alimentação, poluição, resíduos, sociedade, evolução, futuro
606 ## - Nome comum usado como assunto
ID Autoridade 94
Palavra de ordem Biologia. Ciências biológicas no geral
610 ## - Termos não controlados
Palavra de ordem Microbiologia
675 ## - CDU
Notação 573
Edição PT
Língua por
700 ## - Autor principal (pessoa individual)
ID Autoridade 16074
Apelido Postgate
Nome John
Datas 1922-2014
702 ## - Autor secundário (pessoa individual)
ID Autoridade 16075
Apelido Guerreiro
Nome Margarida
801 ## - Fonte de origem
País PT
Agência BMMN
Regras de catalogação RPC
830 ## - Notas gerais do catalogador
Criado por Vanda
990 ## - Elementos KOHA
Tipo de documento Livro
Exemplares
Situação do levantamento Biblioteca de origem Código de barras Cota Permissão de empréstimo Tipo de documento Forma de aquisição
  Biblioteca Municipal de Montemor-o-Novo 29354 573 POS|DEP   Livro Compra

Powered by Koha